00948nas a2200277Ia 4500001001600000003001000016008004100026040002500067041001300092100002600105210001900131222001900150245001900169250001100188260000900199501012300208300001300331362002600344500003000370650002300400700002300423942000700446957000600453999003300459952017800492A50/R191-51947 IT-MiCISF161014c99999999xx |||||||||||| ||und|| aIT-MiCISFcIT-MiCISF aITALIANO aLiverani Pier Giorgio aSì alla vita aSì alla vita 0aIl Nobel etico a1a ed. c2012 bCISF - Centro Internazionale Studi Famiglia - Via Giotto, 36 20145 MILANO (non commercial uses only)cCopyright 2016 app. 8-12 an. 10, ottobre [2012] a Tema: bioetica, embrione aBIOETICAvarticolo a Morresi Assuntina cCR 71 a51947bSig1c227321d227321 0010406A_50_000000000000000_R1915194771aCISFbCISFd2016-10-14l0oA50/R191-51947 r2016-10-14 00:00:00w2016-10-14yCRzData import 15.10.2016 / by Epidotti, Vaglietti